000 00895cad a22002055a 4500
001 E153021
008 110524s2011 xxk f 000 0 eng d
020 _a9781849170505
035 _a(Sirsi) u153021
041 0 _aeng
110 2 _aHistoric Scotland
_92914
245 0 0 _aEdinburgh's post-war listed buildings
_h[electronic resource]
260 _a[Edinburgh]
_bHistoric Scotland
_c2011
520 _aIdentifies those post-war buildings in Edinburgh which are listed, and provides a photograph and description of each. Also provides a general background to post-war architecture in the city.
590 _aKA
651 4 _aEdinburgh
690 _aBUILT ENVIRONMENT-BUILDING TYPES-ANCIENT MONUMENTS AND HISTORIC BUILDINGS
856 4 0 _uhttps://www.historic-scotland.gov.uk/postwarlistedbuildings.pdf
_zView the item free of charge (PDF file) at www.historic-scotland.gov.uk
942 _n0
999 _c112332
_d112332